[Event "WYCC 2018 O16"]
[Site "Halkidiki"]
[Date "2018.10.22"]
[Round "4"]
[White "Szpar, Milosz"]
[Black "O'Donnell, Tom"]
[Result "1-0"]
[WhiteElo "2328"]
[BlackElo "2332"]
[Annotator "NA"]
[PlyCount "57"]
[EventDate "2018.10.20"]
[EventType "swiss"]
[EventCountry "GRE"]
[SourceTitle "playchess.com"]
[Source "ChessBase"]
[SourceQuality "1"]
[TimeControl "40/5400+30:1800+30"]

1. e4 {[%emt 0:00:00]} c5 {[%emt 0:00:00]} 2. Nf3 d6 {[%emt 0:00:00]} 3. d4 {[%emt 0:00:00]} cxd4 {[%emt 0:00:00]} 4. Qxd4 {[%emt 0:00:00]} Nc6 {[%emt 0:00:14]} 5. Bb5 {[%emt 0:00:00]} Bd7 {[%emt 0:00:06]} 6. Bxc6 {[%emt 0:00:00]} Bxc6 {[%emt 0:00:08]} 7. Nc3 {[%emt 0:00:07]} Nf6 {[%emt 0:00:51]} 8. Bg5 {[%emt 0:00:05]} e6 {[%emt 0:00:27]} 9. O-O-O {[%emt 0:00:42]} Be7 {[%emt 0:00:50]} 10. Qd3 {[%emt 0:00:24]} Qa5 {[%emt 0:04:15]} 11. h4 {[%emt 0:01:23]} O-O {[%emt 0:05:00]} 12. Nd4 {[%emt 0:00:33]} Rfc8 {[%emt 0:17:08]} 13. f4 {[%emt 0:01:19]} Rab8 {[%emt 0:10:05]} 14. Kb1 {[%emt 0:16:23]} b5 {[%emt 0:09:43]} 15. e5 {[%emt 0:09:33]} dxe5 {[%emt 0:02:05]} 16. fxe5 {[%emt 0:06:30]} b4 $16 {[%emt 0:05:13]} 17. exf6 {[%emt 0:21:08]} bxc3 {[%emt 0:00:23]} 18. b3 {[%emt 0:00:31]} Bf8 {[%emt 0:08:41]} 19. fxg7 {[%emt 0:05:14]} Bxg7 {[%emt 0:01:44]} 20. Qg3 {[%emt 0:05:22]} Be4 {[%emt 0:02:57]} 21. Bh6 {[%emt 0:13:22]} Bg6 {[%emt 0:01:07]} 22. h5 {[%emt 0:13:19]} Bxh6 {[%emt 0:01:20]} 23. hxg6 {[%emt 0:00:12]} f6 {[%emt 0:16:01]} 24. Nc6 {[%emt 0:02:09]} Rxc6 {[%emt 0:04:14]} 25. Qxb8+ {[%emt 0:00:49]} Kg7 {[%emt 0:00:02]} 26. gxh7 {[%emt 0:01:27]} Kxh7 {[%emt 0:00:17]} 27. Qf8 {[%emt 0:00:53]} Qg5 {[%emt 0:00:32]} 28. Rxh6+ {[%emt 0:00:38]} Qxh6 {[%emt 0:00:07]} 29. Qf7+ {[%emt 0:00:06]} 1-0

[Event "WYCC 2018 O16"]
[Site "Halkidiki"]
[Date "2018.10.22"]
[Round "4"]
[White "Zhalmakhanov, Ramazan"]
[Black "Carlsson, Ludvig"]
[Result "1-0"]
[WhiteElo "2316"]
[BlackElo "2058"]
[Annotator "NA"]
[PlyCount "61"]
[EventDate "2018.10.20"]
[EventType "swiss"]
[EventCountry "GRE"]
[SourceTitle "playchess.com"]
[Source "ChessBase"]
[SourceQuality "1"]
[TimeControl "40/5400+30:1800+30"]

1. d4 {[%emt 0:00:00]} Nf6 {[%emt 0:02:36]} 2. Bg5 {[%emt 0:01:38]} e6 {[%emt 0:04:20]} 3. Nf3 {[%emt 0:01:47]} h6 {[%emt 0:09:22]} 4. Bf4 {[%emt 0:08:53]} c5 {[%emt 0:04:24]} 5. c3 {[%emt 0:00:16] A46: 1 d4 Nf6 2 Nf3 e6: Torre, London and Colle Systems} Nc6 {[%emt 0:07:35]} 6. e3 {[%emt 0:00:19] LiveBook: 17 Games} d5 {[%emt 0:03:42]} 7. Nbd2 {[%emt 0:00:29]} Bd6 {[%emt 0:00:16]} 8. Bg3 {[%emt 0:04:31]} O-O {[%emt 0:00:16]} 9. Bb5 {[%emt 0:07:36]} Bxg3 $146 {[%emt 0:05:25]} ({Predecessor:} 9... Ne7 10. Bd3 b6 11. O-O Bb7 12. Bxd6 Qxd6 13. Ne5 Nd7 14. f4 {0-1 (77) Gozzoli,Y (2596)-Gharamian,T (2614) Nimes 2018}) 10. hxg3 {[%emt 0:00:12]} Qb6 {[%emt 0:00:07]} 11. Bxc6 {[%emt 0:02:24]} bxc6 {[%emt 0:00:22]} 12. Qc2 {[%emt 0:05:43]} a5 {[%emt 0:02:24]} 13. Ne5 {[%emt 0:05:19]} Rb8 {[%emt 0:08:23]} 14. Rb1 {[%emt 0:09:44]} Nd7 {[%emt 0:04:44]} 15. Nxd7 {[%emt 0:19:59]} Bxd7 {[%emt 0:00:09]} 16. Nb3 {[%emt 0:00:22]} cxd4 {[%emt 0:01:12]} 17. cxd4 {[%emt 0:00:25]} Qb4+ {[%emt 0:00:26]} 18. Qd2 {[%emt 0:01:42]} Qa4 {[%emt 0:00:26]} 19. Qxa5 {[%emt 0:06:30]} Qxa5+ {[%emt 0:00:43]} 20. Nxa5 {[%emt 0:00:02]} Rb5 {[%emt 0:00:08]} 21. Nb3 {[%emt 0:00:56]} Ra8 {[%emt 0:00:16]} 22. Nc5 {[%emt 0:01:12]} Be8 {[%emt 0:01:13]} 23. a4 $18 {[%emt 0:01:08]} Rb4 {[%emt 0:00:37]} 24. Kd2 {[%emt 0:01:33]} f6 {[%emt 0:00:13]} 25. b3 {[%emt 0:00:41]} Bg6 {[%emt 0:00:23]} 26. Ra1 {[%emt 0:00:08]} e5 {[%emt 0:00:14]} 27. Kc3 {[%emt 0:00:02]} Rbb8 {[%emt 0:01:21]} 28. Rhe1 {[%emt 0:03:05]} Re8 {[%emt 0:00:50]} 29. b4 {[%emt 0:00:21]} Kf7 {[%emt 0:00:47]} 30. f3 {[%emt 0:05:59]} Re7 {[%emt 0:03:40]} 31. g4 {[%emt 0:02:47]} 1-0

[Event "WYCC 2018 O16"]
[Site "Halkidiki"]
[Date "2018.10.22"]
[Round "4"]
[White "Katopodis, Dimitrios"]
[Black "Gabizon, Eyal"]
[Result "1/2-1/2"]
[WhiteElo "2310"]
[BlackElo "2205"]
[Annotator "NA"]
[PlyCount "57"]
[EventDate "2018.10.20"]
[EventType "swiss"]
[EventCountry "GRE"]
[SourceTitle "playchess.com"]
[Source "ChessBase"]
[SourceQuality "1"]
[TimeControl "40/5400+30:1800+30"]

1. d4 {[%emt 0:00:00]} Nf6 {[%emt 0:00:00]} 2. Nf3 {[%emt 0:00:00]} g6 {[%emt 0:00:00]} 3. c4 {[%emt 0:00:00]} Bg7 {[%emt 0:00:00]} 4. Nc3 {[%emt 0:00:13]} O-O {[%emt 0:00:00]} 5. e4 {[%emt 0:00:15]} d6 {[%emt 0:00:00]} 6. Be2 {[%emt 0:00:12]} e5 {[%emt 0:00:14]} 7. d5 {[%emt 0:00:08]} a5 {[%emt 0:00:12]} 8. Be3 {[%emt 0:00:16]} Na6 {[%emt 0:01:58]} 9. Nd2 {[%emt 0:00:20]} Nc5 {[%emt 0:03:06]} 10. O-O {[%emt 0:03:40]} h5 {[%emt 0:09:28] E94: King's Indian: Classical: 6 Be2 e5 7 0-0: Various Black 7th moves} (10... Nfd7 11. b3 f5 12. f3 Nf6 13. a3 Nh5 14. b4 Nd7 15. c5 Nf4 16. Nc4 axb4 17. axb4 Rxa1 18. Qxa1 {0-1 (35) Firouzja,A (2456)-Amonatov,F (2620) Doha 2016}) 11. Bg5 {[%emt 0:06:51]} Qd7 $146 {[%emt 0:04:42]} ({Predecessor:} 11... Qe8 12. Rc1 Bd7 13. b3 Nh7 14. Be3 h4 15. a3 f5 16. h3 Na6 17. Nf3 Bf6 18. Rb1 {1-0 (45) Huss,A (2420)-Vogt,L (2490) Switzerland 1994}) 12. f3 {[%emt 0:04:05]} Nh7 {[%emt 0:07:20]} 13. Be3 {[%emt 0:00:13]} Bf6 {[%emt 0:08:17]} 14. Qc2 {[%emt 0:05:16]} Bg5 {[%emt 0:00:37]} 15. Bf2 {[%emt 0:04:29]} f5 {[%emt 0:06:40]} 16. b3 {[%emt 0:07:15]} Qg7 {[%emt 0:05:28]} 17. Nb5 {[%emt 0:10:37]} Nf6 {[%emt 0:07:17]} 18. Bd3 {[%emt 0:05:05]} Bh6 {[%emt 0:12:47]} 19. Nc3 {[%emt 0:06:02]} f4 {[%emt 0:14:16]} 20. Rfe1 {[%emt 0:08:46]} g5 {[%emt 0:00:15]} 21. Kf1 $17 {[%emt 0:01:01]} g4 {[%emt 0:01:40]} 22. Ke2 {[%emt 0:00:20]} Na6 {[%emt 0:02:23]} 23. Kd1 {[%emt 0:04:21]} Kh8 {[%emt 0:03:54]} 24. Bf1 {[%emt 0:04:13]} c5 {[%emt 0:02:53]} 25. Nb5 {[%emt 0:02:24]} Qe7 {[%emt 0:01:01]} 26. Bh4 {[%emt 0:01:24]} Rg8 {[%emt 0:00:08]} 27. Kc1 {[%emt 0:01:32]} Bg5 {[%emt 0:00:16]} 28. Bf2 {[%emt 0:02:40]} Ne8 {[%emt 0:00:08]} 29. Kb2 {[%emt 0:01:43]} 1/2-1/2

[Event "WYCC 2018 O16"]
[Site "Halkidiki"]
[Date "2018.10.22"]
[Round "4"]
[White "Mis, Mieszko"]
[Black "Stefan, Victor"]
[Result "1-0"]
[WhiteElo "2307"]
[BlackElo "1998"]
[Annotator "NA"]
[PlyCount "81"]
[EventDate "2018.10.20"]
[EventType "swiss"]
[EventCountry "GRE"]
[SourceTitle "playchess.com"]
[Source "ChessBase"]
[SourceQuality "1"]
[TimeControl "40/5400+30:1800+30"]

1. d4 {[%emt 0:00:00]} d5 {[%emt 0:00:31]} 2. c4 {[%emt 0:00:00]} e6 {[%emt 0:00:09]} 3. Nf3 {[%emt 0:00:19]} Nf6 {[%emt 0:00:20]} 4. g3 {[%emt 0:00:07]} dxc4 {[%emt 0:00:19]} 5. Bg2 {[%emt 0:00:15]} Bb4+ {[%emt 0:00:22]} 6. Bd2 {[%emt 0:02:14]} c5 {[%emt 0:00:31] E04: Open Catalan: 5 Nf3} (6... a5 7. a3 Bd6 8. Qa4+ Nc6 9. O-O O-O 10. Qxc4 e5 11. dxe5 Nxe5 12. Nxe5 Bxe5 13. Qc2 c6 14. Bc3 Qe7 {½-½ (77) Fedoseev,V (2707)-Shankland,S (2727) Danzhou 2018}) 7. Bxb4 {[%emt 0:11:03]} cxb4 {[%emt 0:00:07]} 8. Ne5 {[%emt 0:00:15]} O-O {[%emt 0:00:22]} 9. Nxc4 {[%emt 0:02:27]} Nc6 {[%emt 0:00:17]} 10. e3 {[%emt 0:02:53]} e5 {[%emt 0:00:22] LiveBook: 35 Games} 11. Bxc6 {[%emt 0:35:47]} bxc6 {[%emt 0:01:50]} 12. dxe5 {[%emt 0:01:37]} Qxd1+ {[%emt 0:07:19]} 13. Kxd1 {[%emt 0:01:36]} Ng4 {[%emt 0:00:29]} 14. Ke1 {[%emt 0:10:39]} f6 $146 {[%emt 0:23:11]} 15. Nbd2 {[%emt 0:05:53]} Nxe5 {[%emt 0:02:05]} 16. Ke2 $11 {[%emt 0:08:25]} Ba6 {[%emt 0:03:00]} 17. b3 {[%emt 0:02:11]} Rad8 {[%emt 0:06:26]} 18. f4 {[%emt 0:00:28]} Nxc4 {[%emt 0:15:17]} 19. Nxc4 {[%emt 0:00:04]} Bxc4+ {[%emt 0:09:30]} 20. bxc4 {[%emt 0:00:02]} Rf7 {[%emt 0:04:10]} 21. Rhd1 {[%emt 0:02:10]} Rfd7 {[%emt 0:06:36]} 22. Rxd7 {[%emt 0:00:23]} Rxd7 {[%emt 0:00:01]} 23. a3 {[%emt 0:04:12]} c5 {[%emt 0:05:38]} 24. axb4 {[%emt 0:00:23]} cxb4 {[%emt 0:00:02]} 25. Ra5 {[%emt 0:00:24]} Kf7 {[%emt 0:09:16]} 26. Rb5 {[%emt 0:00:26]} Ke6 {[%emt 0:00:13]} 27. Rxb4 {[%emt 0:02:06]} Kd6 {[%emt 0:00:11]} 28. Kd3 {[%emt 0:03:39]} Kc6+ {[%emt 0:00:29]} 29. Kc3 {[%emt 0:00:42]} Re7 {[%emt 0:00:37]} 30. Kd4 {[%emt 0:03:23]} Rd7+ {[%emt 0:00:36]} 31. Ke4 {[%emt 0:00:01]} Re7+ {[%emt 0:01:43]} 32. Kf3 {[%emt 0:00:16]} f5 {[%emt 0:01:19]} 33. Rb5 {[%emt 0:01:09]} g6 {[%emt 0:00:12]} 34. h3 {[%emt 0:00:26]} h5 {[%emt 0:02:29]} 35. Re5 {[%emt 0:00:50]} Rxe5 {[%emt 0:00:59]} 36. fxe5 {[%emt 0:00:01]} a5 {[%emt 0:00:12]} 37. Ke2 {[%emt 0:00:01]} a4 {[%emt 0:00:16]} 38. Kd3 {[%emt 0:00:28]} a3 {[%emt 0:00:42]} 39. Kc3 {[%emt 0:00:13]} g5 {[%emt 0:00:37]} 40. h4 {[%emt 0:00:00]} a2 {[%emt 0:00:00]} 41. Kb2 {[%emt 0:01:04] Kd5} 1-0

[Event "WYCC 2018 O16"]
[Site "Halkidiki"]
[Date "2018.10.22"]
[Round "4"]
[White "Milosevic, Milos"]
[Black "Yakubboev, Nodirbek"]
[Result "0-1"]
[WhiteElo "2306"]
[BlackElo "2522"]
[Annotator "TA"]
[PlyCount "112"]
[EventDate "2018.10.20"]
[EventType "swiss"]
[EventCountry "GRE"]
[SourceTitle "playchess.com"]
[Source "ChessBase"]
[SourceQuality "1"]

{[%evp 18,111,0,-27,0,0,0,0,0,0,17,10,10,12,13,6,64,70,79,75,74,81,76,81,77,63,54,23,20,15,30,28,20,18,44,34,33,0,52,53,104,0,0,0,0,0,0,0,0,0,0,0,499,-37,-22,-108,-74,-147,-145,-152,-125,-138,0,0,0,-140,-150,-152,-141,-238,-166,-399,-414,-937,-903,-1321,-5859,-1732,-5714,-3002,-1686,-29979,-29980,-29980,-29981,-29993,-29994,-29995,-29996,-29996,-29997,-29997,-29998,-29998,-29999,-29999]} 1. e4 c5 2. Nc3 d6 3. d4 cxd4 4. Qxd4 Nc6 5. Qd2 g6 6. b3 {B23: Sizilianisch (Geschlossenes System)} Bh6 7. f4 Nf6 8. Bb2 O-O 9. O-O-O a5 10. a4 {LiveBook: 7 Partien} Nb4 11. Nf3 $146 ({Vorgänger:} 11. Kb1) 11... Bg4 12. Be2 Rc8 13. Kb1 $1 Rc5 14. e5 Nfd5 15. Nxd5 Rxd5 16. Qc3 {Droht exd6 und aus.} dxe5 (16... Rc5 $11 17. Qxc5 dxc5 18. Rxd8 Rxd8) 17. Rxd5 $14 Nxd5 18. Qxe5 {[%csl Gb2][%cal Re5h8]} f6 19. Qe4 $1 Bf5 20. Qc4 e6 {Droht ...Se3.} 21. Nd4 $1 {[%cal Rd4f5]} Ne3 $1 {[%cal Re3c4]} 22. Qc5 Bxf4 23. Nxf5 gxf5 24. Bc4 Kf7 25. Re1 Nxc4 26. Qxc4 Qd6 27. Ka2 {[%mdl 1024] Und La3 würde nun gewinnen. Weiss hat Kompensation.} Re8 ({Lieber} 27... Be5 $11) 28. Qe2 Rc8 (28... Qc6 $14) 29. Qh5+ (29. g4 $1 $16) 29... Kg7 30. Rd1 Qe7 31. Qh4 {Lxf6+! ist eine echte Drohung.} e5 32. Qh5 Qe6 33. g3 Bh6 34. Kb1 e4 $2 {[%mdl 8192] [#]} (34... Rc7 $11) 35. Qe2 $2 (35. g4 $1 $18 {[%cal Rg4f5][%mdl 512]} Be3 (35... fxg4 36. Bxf6+) 36. g5 (36. gxf5 Qc6 $18)) 35... Kg6 $15 36. Rf1 (36. Rd4 $11 {bleibt in der Remisbreite.}) 36... e3 37. h4 (37. Rd1 $142) 37... Qe4 $17 38. Rd1 Qg4 39. Qd3 Qe4 {Weiss muss nun ...Dxd3 beachten.} 40. Qe2 Qg4 $36 {[%mdl 2048] Schwarz hat Initiative.} 41. Qd3 $1 e2 42. Re1 Re8 43. Qd7 (43. Qd6 $17 Bg7 44. Bc3) 43... Re4 44. Ka2 $2 (44. Qc7 {ist eine bessere Verteidigung.}) 44... Qxg3 $19 45. h5+ (45. Qd8 $142 Bg7 46. Qd2) 45... Kg5 46. Qxh7 Qxe1 47. Qg6+ Kf4 48. Qxh6+ {[%mdl 4096] Endspiel KDT-KDL} Kf3 {( -> ...Dd1)} 49. Qxf6 f4 {Schwarz setzt Matt.} 50. h6 Qd1 51. h7 e1=Q 52. Ka3 {[#]} Rxa4+ $1 53. bxa4 (53. Kxa4 Qb4#) 53... Qb4+ 54. Ka2 Qxa4+ 55. Ba3 Qc4+ 56. Kb2 Qcxc2# {Precision: Weiß = 39%, Schwarz = 53%.} 0-1

[Event "WYCC 2018 O16"]
[Site "Halkidiki"]
[Date "2018.10.22"]
[Round "4"]
[White "Travadon, Loic"]
[Black "Rodriguez Izquierdo, Luis"]
[Result "1-0"]
[WhiteElo "2293"]
[BlackElo "2038"]
[Annotator "NA"]
[PlyCount "47"]
[EventDate "2018.10.20"]
[EventType "swiss"]
[EventCountry "GRE"]
[SourceTitle "playchess.com"]
[Source "ChessBase"]
[SourceQuality "1"]
[TimeControl "40/5400+30:1800+30"]

1. d4 {[%emt 0:01:07]} Nf6 {[%emt 0:00:00]} 2. Nf3 {[%emt 0:00:05]} g6 {[%emt 0:01:40]} 3. c4 {[%emt 0:00:04]} Bg7 {[%emt 0:01:12]} 4. Nc3 {[%emt 0:00:04]} d5 {[%emt 0:01:29]} 5. Bf4 {[%emt 0:00:04]} O-O {[%emt 0:01:21]} 6. e3 {[%emt 0:00:02]} c5 {[%emt 0:02:06]} 7. dxc5 {[%emt 0:00:05]} Be6 {[%emt 0:02:07]} 8. Nd4 {[%emt 0:07:16]} Nc6 {[%emt 0:03:30]} 9. Nxe6 {[%emt 0:10:45]} fxe6 {[%emt 0:00:10]} 10. Bd3 {[%emt 0:02:30]} Nh5 {[%emt 0:20:38]} 11. Bg3 {[%emt 0:01:15]} d4 {[%emt 0:11:44]} 12. exd4 {[%emt 0:01:17]} Nxg3 {[%emt 0:04:35]} 13. hxg3 {[%emt 0:01:04]} Bxd4 {[%emt 0:00:13]} 14. f4 {[%emt 0:12:42]} Bxc5 {[%emt 0:14:16]} 15. Qe2 {[%emt 0:02:31]} Nd4 {[%emt 0:14:20]} 16. Qe4 {[%emt 0:00:04]} Rf6 {[%emt 0:01:57]} 17. O-O-O {[%emt 0:04:17]} Nf5 {[%emt 0:02:26]} 18. Rh3 {[%emt 0:02:18]} Qd4 $18 {[%emt 0:05:52]} 19. Qxd4 {[%emt 0:02:58]} Bxd4 {[%emt 0:00:09]} 20. Ne4 {[%emt 0:00:37]} Rd8 {[%emt 0:02:03]} 21. Nxf6+ {[%emt 0:00:13]} exf6 {[%emt 0:00:06]} 22. Bxf5 {[%emt 0:00:18]} exf5 {[%emt 0:02:56]} 23. Kc2 {[%emt 0:00:34]} h5 {[%emt 0:00:22]} 24. g4 {[%emt 0:00:13]} 1-0

[Event "WYCC 2018 O16"]
[Site "Halkidiki"]
[Date "2018.10.22"]
[Round "4"]
[White "Kamer, Kayra"]
[Black "Horvath, Dominik"]
[Result "1/2-1/2"]
[WhiteElo "2290"]
[BlackElo "2447"]
[Annotator "TA"]
[PlyCount "106"]
[EventDate "2018.10.20"]
[EventType "swiss"]
[EventCountry "GRE"]
[SourceTitle "playchess.com"]
[Source "ChessBase"]
[SourceQuality "1"]

{[%evp 26,106,19,20,27,23,23,21,22,27,38,4,41,43,54,-97,-16,0,-22,-56,-25,-401,-12,-45,-26,-31,-11,-55,-67,-81,-73,-68,-47,-128,-156,-179,-104,-107,-92,-110,-85,-100,-15,-15,-15,-108,-108,-109,-107,-104,-99,-95,-115,-109,-107,-106,-99,-121,-110,-105,-109,-108,-61,-68,-49,-49,-55,-71,-29,-33,-33,-39,-4,-4,-5,-8,0,0,0,0,0,0,0]} 1. e4 c5 2. Nf3 e6 3. d4 cxd4 4. Nxd4 Nc6 5. Nc3 Qc7 6. g3 a6 7. Bg2 Nf6 8. O-O Nxd4 9. Qxd4 Bc5 10. Qd3 Ng4 11. Qe2 {B47: Sicilian: Taimanov: 5 Nc3 Qc7 6 f4, 6 g3 and 6 Be2} Ne5 (11... h5 12. Kh1 b5 13. e5 Bb7 14. Bf4 Bd4 15. Rae1 Bxc3 16. bxc3 Bxg2+ 17. Kxg2 Qxc3 18. Rd1 Rc8 {½-½ (34) Adams,M (2753)-Van Kampen,R (2607) Hoogeveen 2013}) 12. Kh1 d6 13. f4 Nc6 14. Be3 {LiveBook: 3 Games} Bxe3 15. Qxe3 O-O 16. Rad1 b5 {[#]} 17. Qd2 $146 ({Predecessor:} 17. e5 dxe5 18. f5 exf5 {0-1 (44) Zhang,P (2570)-Bai,J (2518) China 2015}) 17... Rd8 18. f5 Ne5 19. f6 Bb7 20. h4 $2 {[#]} (20. Ne2 $14 {keeps the upper hand.}) 20... Qc5 (20... gxf6 $17 {next ...Qe7 is good for Black.} 21. Rxf6 Rac8) 21. fxg7 $11 Rd7 22. Qg5 Rad8 23. Rd5 $2 {[%mdl 8192]} (23. Rde1 $1 $11 {and White has nothing to worry.}) 23... Qc4 $2 (23... exd5 $19 24. exd5 {[#]} f5 $1 {[%mdl 512]} 25. Rxf5 Qc7) 24. Rd2 b4 25. Nd1 $1 Bxe4 26. Ne3 Bxg2+ 27. Rxg2 Qe4 28. h5 d5 29. c3 ({Better is} 29. Qf4 $15) 29... bxc3 30. bxc3 d4 (30... Rc8 $19 31. Nd1 d4) 31. cxd4 $17 Rxd4 32. Qf4 f5 ({But not} 32... Kxg7 $6 33. Qf6+ Kf8 34. Qxe6 $11) 33. h6 Ng6 ({Black should try} 33... a5 $17 34. a3 Ra4) 34. Qxe4 $1 $11 Rxe4 35. Re1 (35. Nxf5 $11 {keeps the balance.} exf5 36. Rxf5) 35... Ne5 $17 {And now ...Nf3 would win.} 36. Rc2 Ng4 $36 {[%mdl 2048] Black is really pushing.} 37. Ng2 Rxe1+ 38. Nxe1 Nxh6 {[%mdl 4096] Endgame KRN-KRN} 39. Rc6 Rd1 40. Rxe6 Kxg7 41. Re2 Rd4 42. Kg2 Ra4 43. Nd3 Ng4 44. Kh3 Ra3 45. Nf4 Ne3 46. Kh4 Kf7 47. Kg5 Nf1 48. Rb2 Nxg3 49. Rb7+ {The position is equal.} Ke8 {With the idea ...Ne4+.} 50. Rxh7 Ra5 51. Ne6 Ne4+ 52. Kf4 Nf6 53. Ra7 Rxa2 {Precision: White = 47%, Black = 44%.} 1/2-1/2

[Event "WYCC 2018 O16"]
[Site "Halkidiki"]
[Date "2018.10.22"]
[Round "4"]
[White "Jakab, Bela"]
[Black "Vestby-Ellingsen, Mads"]
[Result "1-0"]
[WhiteElo "2285"]
[BlackElo "2410"]
[Annotator "NA RC"]
[PlyCount "145"]
[EventDate "2018.10.20"]
[EventType "swiss"]
[EventCountry "GRE"]
[SourceTitle "playchess.com"]
[Source "ChessBase"]
[SourceQuality "1"]
[TimeControl "40/5400+30:1800+30"]

1. e4 {[%emt 0:00:00]} c5 {[%emt 0:00:02]} 2. Nf3 {[%emt 0:00:00]} e6 {[%emt 0:00:38]} 3. c3 {[%emt 0:00:00]} Nf6 {[%emt 0:00:10]} 4. e5 {[%emt 0:00:20]} Nd5 {[%emt 0:00:11]} 5. Bc4 {[%emt 0:00:09]} d6 {[%emt 0:04:06]} 6. exd6 {[%emt 0:00:36] B22: Sizilianisch (Alapin 2.c3)} (6. O-O dxe5 7. Nxe5 Bd6 8. d4 Qc7 9. Na3 a6 10. Nf3 O-O 11. Bxd5 exd5 12. dxc5 Bxc5 13. Nc2 Bf5 14. Ne3 Bxe3 15. Bxe3 {½-½ (46) Grandelius,N (2655)-Vocaturo,D (2615) Batumi 2018}) 6... Bxd6 {[%emt 0:04:50]} 7. d4 {[%emt 0:02:15]} O-O {[%emt 0:03:38]} 8. dxc5 {[%emt 0:06:29] LiveBook: 6 Games} Bxc5 {[%emt 0:00:17]} 9. O-O {[%emt 0:00:19]} Nf6 {[%emt 0:09:59]} 10. Qe2 {[%emt 0:05:56]} Qc7 $146 {[%emt 0:08:22]} ({Vorgänger:} 10... a6 11. Bf4 Nbd7 12. Nbd2 b5 13. Bb3 {0-1 (50) Praznik,N (2356)-Sikula,V (2501) Latschach 2006}) 11. Bg5 {[%emt 0:04:12]} b6 {[%emt 0:08:08]} 12. Nbd2 {[%emt 0:13:44]} Bb7 {[%emt 0:02:32]} 13. Rad1 {[%emt 0:01:07]} Nbd7 {[%emt 0:02:56]} 14. Bb3 {[%emt 0:03:56]} Rac8 {[%emt 0:10:25]} 15. Bc2 {[%emt 0:05:12]} Bd6 {[%emt 0:05:40]} 16. Ne4 {[%emt 0:07:44]} Bf4 {[%emt 0:05:55]} 17. Nxf6+ {[%emt 0:07:45]} Nxf6 {[%emt 0:00:17]} 18. Bxf6 {[%emt 0:00:19]} gxf6 {[%emt 0:00:28]} 19. Be4 {[%emt 0:01:03]} Rfd8 {[%emt 0:02:55]} 20. Bxb7 {[%emt 0:04:55]} Qxb7 {[%emt 0:00:17]} 21. Rd4 {[%emt 0:00:50]} Rxd4 {[%emt 0:02:12]} 22. Nxd4 {[%emt 0:00:07]} Qd5 {[%emt 0:12:16]} 23. Qg4+ {[%emt 0:04:52]} Qg5 {[%emt 0:00:10]} 24. Qf3 {[%emt 0:00:14]} Bd6 $14 {[%emt 0:06:24]} 25. g3 {[%emt 0:04:53]} Bf8 {[%emt 0:02:38]} 26. Qb7 {[%emt 0:01:58]} Rd8 {[%emt 0:00:58]} 27. Qxa7 {[%emt 0:00:32]} Bc5 {[%emt 0:00:33]} 28. Qc7 {[%emt 0:04:01]} Rd5 {[%emt 0:02:04]} 29. Nb3 {[%emt 0:03:16]} Rf5 {[%emt 0:00:13]} 30. Nxc5 {[%emt 0:00:24]} bxc5 {[%emt 0:00:07]} 31. a4 {[%emt 0:04:25]} Qg4 {[%emt 0:01:54]} 32. a5 {[%emt 0:00:29]} Qa4 {[%emt 0:00:35]} 33. Qb6 {[%emt 0:09:07]} c4 {[%emt 0:00:42]} 34. a6 {[%emt 0:00:19]} Ra5 {[%emt 0:01:31]} 35. Qd4 {[%emt 0:02:12]} Kg7 {[%emt 0:02:11]} 36. Rd1 {[%emt 0:01:47]} Rd5 {[%emt 0:00:20]} 37. Qg4+ {[%emt 0:00:04]} Rg5 {[%emt 0:00:08]} 38. Qe2 {[%emt 0:00:42]} Re5 {[%emt 0:01:21]} 39. Qf1 {[%emt 0:00:52]} Qxa6 {[%emt 0:00:16]} 40. b4 {[%emt 0:00:00]} Re4 {[%emt 0:00:00]} 41. Ra1 {[%emt 0:05:09]} Qb5 {[%emt 0:05:53]} 42. Qd1 {[%emt 0:00:39]} Qd5 {[%emt 0:23:35]} 43. Qxd5 {[%emt 0:03:24]} exd5 {[%emt 0:00:02]} 44. Kf1 {[%emt 0:00:08]} d4 {[%emt 0:00:46]} 45. Re1 {[%emt 0:01:23]} Rg4 {[%emt 0:01:03]} 46. f4 {[%emt 0:00:30]} f5 {[%emt 0:02:20]} 47. cxd4 {[%emt 0:01:08]} Rg6 {[%emt 0:00:07]} 48. Rc1 {[%emt 0:00:18]} Rc6 {[%emt 0:00:25]} 49. Ke2 {[%emt 0:00:37]} Kf6 {[%emt 0:00:13]} 50. Kd2 {[%emt 0:00:10]} Ke6 {[%emt 0:00:43]} 51. Kc3 {[%emt 0:00:05]} Kd5 {[%emt 0:00:17]} 52. Re1 {[%emt 0:01:04]} f6 {[%emt 0:00:31]} 53. Re7 {[%emt 0:00:07]} Ra6 {[%emt 0:00:21]} 54. Rd7+ {[%emt 0:00:20]} Ke6 {[%emt 0:00:55]} 55. Rxh7 {[%emt 0:00:11]} Kd5 {[%emt 0:00:13]} 56. Rd7+ {[%emt 0:00:05]} Ke6 {[%emt 0:00:26]} 57. Rd8 {[%emt 0:01:16]} Ra2 {[%emt 0:00:27]} 58. b5 {[%emt 0:00:43]} Ke7 {[%emt 0:01:43]} 59. Rh8 {[%emt 0:00:08]} Kd6 {[%emt 0:00:36]} 60. Kxc4 {[%emt 0:00:17]} Rc2+ {[%emt 0:00:33]} 61. Kb4 {[%emt 0:00:11]} Kc7 {[%emt 0:00:09]} 62. Rh6 {[%emt 0:00:19]} Kb7 {[%emt 0:00:24]} 63. Rxf6 {[%emt 0:00:12]} Rxh2 {[%emt 0:00:09]} 64. Rxf5 {[%emt 0:00:03]} Rh6 {[%emt 0:00:20]} 65. g4 {[%emt 0:00:12]} Rh7 {[%emt 0:00:13]} 66. g5 {[%emt 0:00:09]} Kb6 {[%emt 0:00:07]} 67. Rf6+ {[%emt 0:00:05]} Kb7 {[%emt 0:00:07]} 68. g6 {[%emt 0:00:06]} Rd7 {[%emt 0:00:14]} 69. Rf7 {[%emt 0:00:06]} Kb6 {[%emt 0:00:05]} 70. Rf6+ {[%emt 0:00:17]} Kb7 {[%emt 0:00:07]} 71. Kc5 {[%emt 0:00:31]} Rc7+ {[%emt 0:00:09]} 72. Rc6 {[%emt 0:00:12]} Re7 {[%emt 0:00:09]} 73. f5 {[%emt 0:00:19]} 1-0